Black Ops 3 Zombies Quiz - Statistics

General Stats
  • This quiz has been taken 1,788 times
    1,781 since last reset
  • The average score is 15 of 28
Answer Stats
Hint Answer % Correct
Gobblegum cost 500
96%
Pack a punch cost 5000
95%
Map that takes place in Morg City Shadows of Evil
95%
The cost of re pack a punching 2500
92%
What gobblegum gives you all perks. Mas_Noreh got two Perkaholic
92%
How many points are gained for lying in front of a perk machine 100
89%
They have three mouths Margwa
81%
Starting gun Bloodhound
62%
The past character that pops up in the easter egg cut scene Edward Richtofen
61%
"The Giant" is a remake of which classic zombies map Der Riese
60%
Name of bow three Fire
57%
Name of bow four Wolf
56%
In "Der Eisendrache" what needs to be fed to get the bow Dragons
55%
The mode that allows you to power perks Beast
54%
Gun that can be purchased on the train Bootlegger
52%
Item used to harvest pods Fumigator
46%
Man that can speak to you in "The Giant"."I know where and when you are" Ludvig Maxis
46%
Name of bow two Void
45%
For 1500 what machine gives you a random perk Wunderfizz
45%
In "Der Eisendrache" what special enemy spawns in at round 12 Panzer Soldat
43%
Robot bodyguard Civil Protector
41%
Name of bow one Storm
35%
Wonder weapon that produces a portal when shot Apothicon Servant
25%
The detective Jack Vincent
21%
The femme fatale Jessica Rose
16%
They spawn in rituals Gatekeeper
15%
The boxers name Floyd Campbell
12%
The magician Nero Blackstone
11%
No matching quizzes found
Score Distribution
Percent of People with Each Score
Percentile by Number Answered
Your Score History
You have not taken this quiz since the last reset